[Event "4NCL Division 4 South"]
[Site "Reading, ENG"]
[Date "2016.11.26"]
[Round "1.11"]
[White "Healey, Michael W"]
[Black "Bisereko Pafura Godfrey"]
[Result "1-0"]
[WhiteElo "2164"]
[BlackElo "2028"]
[PlyCount "55"]
[EventDate "2016.11.26"]
[WhiteTeam "Oxford 2"]
[BlackTeam "Throw in the Tal 1"]

1. e4 c6 2. d4 d6 3. Nc3 Nf6 4. Bg5 Nbd7 5. Nf3 e5 6. a4 h6 7. Bh4 Qa5 8. Qd2
b5 9. b4 Qxb4 10. Rb1 Qa5 11. axb5 c5 12. dxe5 dxe5 13. b6 axb6 14. Bxf6 gxf6
15. Bb5 Bg7 16. O-O O-O 17. Rfd1 Nb8 18. Nh4 Be6 19. Qe3 Rc8 20. Nd5 Kh7 21.
Qf3 Nc6 22. c3 Na7 23. Bc4 Nc6 24. Nxf6+ Bxf6 25. Bxe6 Bxh4 26. Qxf7+ Kh8 27.
Rd7 Ne7 28. Bf5 1-0

[Event "4NCL Division 4 South"]
[Site "Reading, ENG"]
[Date "2016.11.26"]
[Round "1.12"]
[White "Pink, Joshua"]
[Black "Rawlinson, Aidan M"]
[Result "0-1"]
[WhiteElo "2042"]
[BlackElo "2208"]
[PlyCount "50"]
[EventDate "2016.11.26"]
[WhiteTeam "Throw in the Tal 1"]
[BlackTeam "Oxford 2"]

1. e4 g6 2. d4 Bg7 3. Nc3 d6 4. f4 a6 5. Nf3 b5 6. Bd3 Nd7 7. e5 c5 8. Be4 Rb8
9. dxc5 Nxc5 10. Bc6+ Bd7 11. Bxd7+ Qxd7 12. Be3 Rc8 13. O-O Nh6 14. Bxc5 Rxc5
15. Ne4 Rc4 16. Re1 d5 17. Nc3 Qa7+ 18. Kf1 e6 19. Qd2 O-O 20. Rad1 Rfc8 21.
Nd4 Bf8 22. Re3 Rxd4 23. Qxd4 Bc5 24. Nxb5 axb5 25. Qc3 b4 0-1

[Event "4NCL Division 4 South"]
[Site "Reading, ENG"]
[Date "2016.11.26"]
[Round "1.13"]
[White "Truran, Michael C"]
[Black "Ireland, David J"]
[Result "1-0"]
[WhiteElo "2178"]
[BlackElo "1990"]
[PlyCount "87"]
[EventDate "2016.11.26"]
[WhiteTeam "Oxford 2"]
[BlackTeam "Throw in the Tal 1"]

1. d4 Nf6 2. Nf3 c5 3. d5 e6 4. c4 b5 5. Bg5 bxc4 6. e4 Qb6 7. Qc2 Ba6 8. Nc3
h6 9. Bxf6 gxf6 10. Nd2 Rg8 11. g3 Bg7 12. Bg2 d6 13. O-O Nd7 14. f4 Rb8 15.
Rab1 Qb4 16. Bh3 Ke7 17. Nf3 Nb6 18. Rfe1 e5 19. Nh4 Bc8 20. Bxc8 Nxc8 21. Nf5+
Kd7 22. fxe5 fxe5 23. Qf2 Ne7 24. Rf1 Rbf8 25. Nd1 c3 26. Nxc3 Nxf5 27. Qxf5+
Ke7 28. Kh1 a6 29. Rf2 Bh8 30. Rbf1 Qb8 31. Qh5 Rg6 32. Kg1 Qc8 33. Rxf7+ Rxf7
34. Qxg6 Rxf1+ 35. Kxf1 Qh3+ 36. Kg1 Bf6 37. Qh7+ Ke8 38. Qf5 Qxf5 39. exf5 e4
40. Nxe4 Bxb2 41. Nxd6+ Ke7 42. Nc4 Bd4+ 43. Kg2 h5 44. Kf3 1-0

[Event "4NCL Division 4 South"]
[Site "Reading, ENG"]
[Date "2016.11.26"]
[Round "1.14"]
[White "Ho, Marco"]
[Black "Dickinson, Tim R"]
[Result "0-1"]
[WhiteElo "1982"]
[BlackElo "2087"]
[PlyCount "92"]
[EventDate "2016.11.26"]
[WhiteTeam "Throw in the Tal 1"]
[BlackTeam "Oxford 2"]

1. d4 Nf6 2. c4 e6 3. Nf3 d5 4. Nc3 Bb4 5. Bg5 h6 6. Bxf6 Qxf6 7. e3 O-O 8. Rc1
b6 9. a3 Bxc3+ 10. Rxc3 c6 11. Be2 Nd7 12. O-O Bb7 13. cxd5 exd5 14. Qa4 Qd6
15. Bd3 a6 16. Bf5 Nf6 17. Ne5 c5 18. Rfc1 b5 19. Qd1 c4 20. b4 Bc8 21. Qf3
Bxf5 22. Qxf5 a5 23. bxa5 Rxa5 24. Rb1 Rxa3 25. Rxa3 Qxa3 26. Nc6 Qd6 27. Nb4
Ra8 28. g3 Ra4 29. Qc8+ Kh7 30. Qc5 Qxc5 31. dxc5 Rxb4 32. Rxb4 c3 33. Rb1 b4
34. c6 c2 35. Rc1 b3 36. c7 b2 37. c8=Q bxc1=Q+ 38. Kg2 g6 39. Qc7 Kg7 40. h3
Qd2 41. Qd6 c1=Q 42. h4 Qcb2 43. Qf4 Ne4 44. Qxe4 dxe4 45. Kh3 Qxf2 46. Kg4
Qf5# 0-1

[Event "4NCL Division 4 South"]
[Site "Reading, ENG"]
[Date "2016.11.26"]
[Round "1.15"]
[White "Burrows, Nick"]
[Black "Ward, Andrew"]
[Result "1-0"]
[WhiteElo "1894"]
[BlackElo "1892"]
[PlyCount "33"]
[EventDate "2016.11.26"]
[WhiteTeam "Oxford 2"]
[BlackTeam "Throw in the Tal 1"]

1. f4 e5 2. e4 d5 3. exd5 e4 4. d3 Qxd5 5. Nc3 Bb4 6. Bd2 Qe6 7. dxe4 Bxc3 8.
Bxc3 Qxe4+ 9. Qe2 Qxe2+ 10. Bxe2 f6 11. O-O-O Ne7 12. Bh5+ Ng6 13. Re1+ Kf7 14.
g4 f5 15. Nf3 Nc6 16. Ng5+ Kf8 17. Nxh7+ 1-0

[Event "4NCL Division 4 South"]
[Site "Reading, ENG"]
[Date "2016.11.26"]
[Round "1.16"]
[White "Price, Andrew"]
[Black "Matta, Francesca"]
[Result "1/2-1/2"]
[WhiteElo "1877"]
[BlackElo "1949"]
[PlyCount "122"]
[EventDate "2016.11.26"]
[WhiteTeam "Throw in the Tal 1"]
[BlackTeam "Oxford 2"]

1. e4 c5 2. Nf3 e6 3. d4 cxd4 4. Nxd4 a6 5. Be3 Nf6 6. Nd2 d6 7. c3 Be7 8. Be2
O-O 9. O-O Nbd7 10. f4 Qc7 11. a4 b6 12. Qc2 Bb7 13. Bf3 Rfd8 14. g4 Rab8 15.
g5 Ne8 16. Bg4 Nf8 17. Qb3 Ba8 18. f5 e5 19. Ne2 d5 20. Ng3 b5 21. Qc2 d4 22.
Bf2 Bxg5 23. Nf3 Be7 24. axb5 axb5 25. Qb3 Nf6 26. Ng5 Nxg4 27. Nxf7 Qc4 28.
Qxc4 bxc4 29. Nxd8 Rxd8 30. cxd4 Nxf2 31. Rxf2 exd4 32. Rc2 Bd6 33. Rxc4 Bxg3
34. hxg3 Bxe4 35. Rd1 Bxf5 36. Rcxd4 Rb8 37. b4 Nd7 38. g4 Be6 39. Re1 Kf7 40.
Rf4+ Ke7 41. Rfe4 Rb6 42. g5 Nf8 43. Kf2 Rb5 44. Rg1 Kd6 45. Rh4 Bf5 46. Ke3
Bg6 47. Rd4+ Ke7 48. Rdg4 Ne6 49. R1g2 Nc7 50. Rb2 Ke6 51. Kf2 Kf5 52. Kg3 Re5
53. Rf2+ Ke6 54. Kh4 Bd3 55. Rd2 Bf5 56. Rc4 Nb5 57. Kg3 Bg6 58. Kf4 Rf5+ 59.
Kg4 Re5 60. Kf4 Rf5+ 61. Kg4 Re5 1/2-1/2

[Event "4NCL Division 4 South"]
[Site "Reading, ENG"]
[Date "2016.11.26"]
[Round "1.21"]
[White "Virin, Daniel"]
[Black "Kenning, Paul H"]
[Result "0-1"]
[WhiteElo "1465"]
[BlackElo "1871"]
[PlyCount "83"]
[EventDate "2016.11.26"]
[WhiteTeam "Barnet Knights 3"]
[BlackTeam "Iceni 2"]

1. e4 d6 2. Nf3 Nf6 3. Nc3 e5 4. d3 Nbd7 5. Bg5 Be7 6. Be2 c6 7. O-O Qc7 8. d4
h6 9. Be3 Ng4 10. Qd2 Nxe3 11. Qxe3 Nf8 12. Qd3 Ne6 13. d5 Nf4 14. Qd2 g5 15.
Bd3 g4 16. Ne1 Bg5 17. g3 Nh3+ 18. Kg2 Bxd2 19. f3 h5 20. fxg4 Bxg4 21. Nf3
Bxf3+ 22. Rxf3 Bxc3 23. bxc3 Qd7 24. dxc6 bxc6 25. Rb1 Rg8 26. Bc4 Nf4+ 27. Kf2
Ne6 28. Rd3 Nc5 29. Rd5 Nxe4+ 30. Ke3 Nxc3 31. Rb3 Nxd5+ 32. Bxd5 cxd5 33. Rd3
d4+ 34. Ke2 Qg4+ 35. Kd2 Rc8 36. h4 Ke7 37. Rb3 Rc7 38. a4 Rgc8 39. Rb2 Qe4 40.
g4 Qe3+ 41. Kd1 d3 42. cxd3 0-1

[Event "4NCL Division 4 South"]
[Site "Reading, ENG"]
[Date "2016.11.26"]
[Round "1.22"]
[White "Jones, Robert L"]
[Black "Sezer, Steve"]
[Result "1/2-1/2"]
[WhiteElo "1792"]
[BlackElo "1480"]
[PlyCount "117"]
[EventDate "2016.11.26"]
[WhiteTeam "Iceni 2"]
[BlackTeam "Barnet Knights 3"]

1. e4 c5 2. a3 e6 3. b4 Nc6 4. b5 Nb8 5. Bb2 a6 6. bxa6 bxa6 7. Nc3 Ne7 8. Nf3
Bb7 9. Bc4 d5 10. exd5 exd5 11. Ba2 d4 12. Ne5 Nd5 13. Nxd5 Bxd5 14. Qe2 Be7
15. O-O O-O 16. c4 Be6 17. Bb1 g6 18. Re1 Bf6 19. Bd3 Nd7 20. Nxd7 Qxd7 21. Qf3
Rab8 22. Qxf6 Rxb2 23. Qf4 Bf5 24. Bxf5 Qxf5 25. Qxf5 gxf5 26. Re5 Rxd2 27.
Rxc5 d3 28. Rxf5 Re2 29. g3 Rd8 30. Rd5 Rxd5 31. cxd5 d2 32. Kf1 Re5 33. Rd1
Rxd5 34. Ke2 Ra5 35. Ra1 Rd5 36. Kd1 Kg7 37. Ra2 Rd3 38. a4 Rd4 39. Rxd2 Rxa4
40. Rd6 Ra1+ 41. Ke2 a5 42. Ra6 Ra2+ 43. Kf3 a4 44. h4 h5 45. Ra5 Kg6 46. Rg5+
Kh6 47. Ra5 Kg6 48. Kg2 Kh6 49. Kh3 Rxf2 50. Rxa4 Kg6 51. Ra6+ f6 52. Ra8 Rf3
53. Kg2 Re3 54. Kf2 Rd3 55. Rg8+ Kf5 56. Ra8 Kg4 57. Rg8+ Kf5 58. Kg2 Re3 59.
Rg7 1/2-1/2

[Event "4NCL Division 4 South"]
[Site "Reading, ENG"]
[Date "2016.11.26"]
[Round "1.23"]
[White "Virin, Asaf"]
[Black "Usher, Michael E"]
[Result "0-1"]
[WhiteElo "1345"]
[BlackElo "1750"]
[PlyCount "82"]
[EventDate "2016.11.26"]
[WhiteTeam "Barnet Knights 3"]
[BlackTeam "Iceni 2"]

1. e4 e6 2. Nf3 d5 3. e5 c5 4. d4 Nc6 5. Bb5 Bd7 6. Nc3 cxd4 7. Nxd4 Nxe5 8.
Qe2 Nc6 9. Be3 Nf6 10. Nxc6 Bxc6 11. Bg5 Be7 12. Qe5 Bxb5 13. Nxb5 O-O 14. O-O
a6 15. Nd4 Rc8 16. Rac1 Ne4 17. Be3 Bf6 18. Qh5 Bg5 19. f4 g6 20. Qh3 Bf6 21.
Nf3 Bxb2 22. Rb1 Bg7 23. Nd4 Nc3 24. Rb2 Bxd4 25. Rb4 Bxe3+ 26. Qxe3 b5 27. Rb2
Qf6 28. Ra1 Ne2+ 29. Qxe2 Qxb2 30. Re1 Rxc2 31. Qf3 Rfc8 32. Qe3 Rc1 33. Rxc1
Rxc1+ 34. Qxc1 Qxc1+ 35. Kf2 d4 36. g4 Qe3+ 37. Kf1 d3 38. Kg2 d2 39. g5 d1=Q
40. h4 Qdd2+ 41. Kh1 Qee1# 0-1

[Event "4NCL Division 4 South"]
[Site "Reading, ENG"]
[Date "2016.11.26"]
[Round "1.24"]
[White "Goldsmith, Rory"]
[Black "Rampley, Oscar"]
[Result "1-0"]
[WhiteElo "1690"]
[BlackElo "1292"]
[PlyCount "75"]
[EventDate "2016.11.26"]
[WhiteTeam "Iceni 2"]
[BlackTeam "Barnet Knights 3"]

1. c4 e5 2. Nc3 Nf6 3. Nf3 Nc6 4. a3 d5 5. cxd5 Nxd5 6. e3 Bg4 7. Be2 Nxc3 8.
bxc3 e4 9. Nd4 Bxe2 10. Qxe2 Ne5 11. Qb5+ Nd7 12. Qxb7 Be7 13. Qxe4 Nf6 14.
Qc6+ Nd7 15. Nb5 O-O 16. Qxc7 Qxc7 17. Nxc7 Rac8 18. Nd5 Bd6 19. d4 Rfe8 20.
O-O Re6 21. Rb1 Rh6 22. h3 Rh5 23. e4 f6 24. Rb7 Nf8 25. Rxa7 Re8 26. f3 Ng6
27. c4 Rh4 28. c5 Bg3 29. Rb7 Ra8 30. Ne7+ Nxe7 31. Rxe7 Kf8 32. Rb7 f5 33. d5
fxe4 34. fxe4+ Kg8 35. Bb2 Ra4 36. Rxg7+ Kh8 37. Rxg3+ Rd4 38. Bxd4# 1-0

[Event "4NCL Division 4 South"]
[Site "Reading, ENG"]
[Date "2016.11.26"]
[Round "1.25"]
[White "Orgler, Lukas"]
[Black "Balakrishnan, Kathirvel"]
[Result "0-1"]
[WhiteElo "1210"]
[BlackElo "1556"]
[PlyCount "63"]
[EventDate "2016.11.26"]
[WhiteTeam "Barnet Knights 3"]
[BlackTeam "Iceni 2"]

1. e4 e6 2. d4 d5 3. exd5 exd5 4. Bd3 Nf6 5. c3 h6 6. Ne2 Bd6 7. Bf4 O-O 8. O-O
Bg4 9. f3 Bh5 10. Na3 Bg6 11. Nc2 Bxd3 12. Qxd3 c6 13. Rfe1 Re8 14. Bxd6 Qxd6
15. Ng3 g6 16. Qd2 Kg7 17. Rxe8 Nxe8 18. Re1 Nd7 19. Ne2 Nc7 20. Qf4 Qxf4 21.
Nxf4 Re8 22. Rxe8 Nxe8 23. Kf2 g5 24. Nd3 Nd6 25. g4 f5 26. b3 Kf6 27. Ne3 f4
28. Nc2 Ke6 29. Ke2 Kf6 30. Kf2 Nb8 31. c4 dxc4 32. bxc4 {Scoresheets differ
here, unable to continue} 0-1

[Event "4NCL Division 4 South"]
[Site "Reading, ENG"]
[Date "2016.11.26"]
[Round "1.26"]
[White "Thatte, Nishchal"]
[Black "Carter, Gavin"]
[Result "1-0"]
[WhiteElo "1513"]
[BlackElo "1075"]
[PlyCount "75"]
[EventDate "2016.11.26"]
[WhiteTeam "Iceni 2"]
[BlackTeam "Barnet Knights 3"]

1. e4 d5 2. exd5 Qxd5 3. Nc3 Qa5 4. d4 c6 5. Bd3 Nf6 6. Bf4 Bg4 7. Nge2 Nbd7 8.
O-O e5 9. dxe5 Nxe5 10. Re1 Bd6 11. Bxe5 Bxe5 12. f4 Qc5+ 13. Kh1 Bxc3 14.
Nxc3+ Kf8 15. Qd2 g6 16. Na4 Qd6 17. Qc3 Kg7 18. Rf1 Rae8 19. Nc5 Kg8 20. Nxb7
Qd5 21. Qxf6 Bh3 22. Qg5 f5 23. Qg3 c5 24. Na5 Kg7 25. Qxh3 c4 26. Nxc4 Re6 27.
Qf3 Qb5 28. Be2 Rhe8 29. Nd6 Rxd6 30. Bxb5 Red8 31. Qc3+ Kh6 32. Rf3 Rd1+ 33.
Rxd1 Rxd1+ 34. Rf1 Rxf1+ 35. Bxf1 a5 36. Be2 a4 37. Qf6 a3 38. Qf8# 1-0

[Event "4NCL Division 4 South"]
[Site "Reading, ENG"]
[Date "2016.11.26"]
[Round "1.31"]
[White "Lambourne, Dan M"]
[Black "Woods, Timothy J"]
[Result "1-0"]
[WhiteElo "1977"]
[BlackElo "1716"]
[PlyCount "69"]
[EventDate "2016.11.26"]
[WhiteTeam "MK Phoenix 2"]
[BlackTeam "Sussex Martlets 3"]

1. d4 Nf6 2. Nf3 g6 3. c4 Bg7 4. Nc3 d6 5. e4 O-O 6. Be2 e5 7. O-O Nc6 8. d5
Ne7 9. Bg5 h6 10. Bd2 Ne8 11. Qc1 Kh7 12. Ne1 f5 13. f4 exf4 14. Rxf4 g5 15.
Rf1 f4 16. Bd3 Kh8 17. Ne2 Ng6 18. Bc3 Ne5 19. Qd2 Qe7 20. Nf3 g4 21. Nxf4 Rxf4
22. Qxf4 Nxd3 23. Qxh6+ Kg8 24. Bxg7 Qxg7 25. Qxg7+ Nxg7 26. Nd4 Ne5 27. b3 Bd7
28. Rac1 Re8 29. Rc3 Nh5 30. c5 dxc5 31. Rxc5 c6 32. dxc6 bxc6 33. Ne2 Ng7 34.
Ng3 Ne6 35. Rxe5 1-0

[Event "4NCL Division 4 South"]
[Site "Reading, ENG"]
[Date "2016.11.26"]
[Round "1.32"]
[White "Neale, George"]
[Black "Brown, Alan M"]
[Result "1/2-1/2"]
[WhiteElo "1695"]
[BlackElo "1974"]
[PlyCount "86"]
[EventDate "2016.11.26"]
[WhiteTeam "Sussex Martlets 3"]
[BlackTeam "MK Phoenix 2"]

1. d4 d5 2. c4 e6 3. Nc3 Nf6 4. Bg5 Nbd7 5. e3 c6 6. Nf3 Qa5 7. Nd2 Be7 8. Qc2
O-O 9. Be2 dxc4 10. Bxf6 Nxf6 11. Nxc4 Qd8 12. Bf3 Bd7 13. O-O Rc8 14. Rac1 b5
15. Ne5 c5 16. Qd3 c4 17. Qc2 Qb6 18. Ne4 Rfd8 19. Rfd1 Be8 20. b3 c3 21. Nxc3
b4 22. Nc4 Rxc4 23. bxc4 bxc3 24. Qxc3 Bc6 25. Bxc6 Qxc6 26. Qa5 Qa8 27. c5 Rc8
28. Rb1 Nd5 29. Rb3 a6 30. Rdb1 Bd8 31. Qa3 a5 32. Qb2 Bc7 33. a3 Qc6 34. Rd3
f5 35. Qb5 Rb8 36. Qxb8+ Bxb8 37. Rxb8+ Kf7 38. Rdb3 Kg6 39. R3b5 a4 40. h3 Qa6
41. Kh2 h6 42. Kg1 Kh7 43. Kh2 Kg6 1/2-1/2

[Event "4NCL Division 4 South"]
[Site "Reading, ENG"]
[Date "2016.11.26"]
[Round "1.33"]
[White "Valentine, Brian J"]
[Black "Howell, Matthew G"]
[Result "0-1"]
[WhiteElo "1970"]
[BlackElo "1509"]
[PlyCount "72"]
[EventDate "2016.11.26"]
[WhiteTeam "MK Phoenix 2"]
[BlackTeam "Sussex Martlets 3"]

1. e4 e6 2. d4 d5 3. Nc3 Bb4 4. e5 c5 5. a3 Bxc3+ 6. bxc3 Ne7 7. Qg4 Nf5 8. Bd3
h5 9. Qf4 Nc6 10. Nf3 f6 11. h4 Nce7 12. exf6 gxf6 13. a4 Rg8 14. g3 Rg4 15.
Qd2 Qc7 16. Ba3 c4 17. Be2 Re4 18. Kd1 Nc6 19. Kc1 a6 20. Ng1 Ng7 21. Bf3 b5
22. Bxe4 dxe4 23. Ne2 Bb7 24. Rd1 O-O-O 25. axb5 axb5 26. Qh6 f5 27. Qg6 Rd7
28. Nf4 Nxd4 29. Nxh5 Nxh5 30. Qxh5 e3 31. fxe3 Qxg3 32. Qg5 Qf2 33. Qf4 Qe2
34. Bf8 Be4 35. Ra2 Ra7 36. Qxe4 Rxa2 0-1

[Event "4NCL Division 4 South"]
[Site "Reading, ENG"]
[Date "2016.11.26"]
[Round "1.34"]
[White "Samworth-Calvier, Juju"]
[Black "Elwin, Adrian G"]
[Result "0-1"]
[WhiteElo "1584"]
[BlackElo "2011"]
[PlyCount "102"]
[EventDate "2016.11.26"]
[WhiteTeam "Sussex Martlets 3"]
[BlackTeam "MK Phoenix 2"]

1. e4 c6 2. Nc3 d5 3. Nf3 d4 4. Ne2 c5 5. d3 Nc6 6. g3 e5 7. Bg2 Be7 8. O-O Be6
9. Nd2 f6 10. f4 Qd7 11. a4 Bd6 12. Nc4 Bxc4 13. dxc4 Nge7 14. b3 O-O-O 15. Kh1
Bc7 16. Ba3 Nb4 17. c3 dxc3 18. Nxc3 Qxd1 19. Raxd1 Rxd1 20. Rxd1 Rd8 21. Bh3+
Kb8 22. Rxd8+ Bxd8 23. Nd5 Nexd5 24. exd5 exf4 25. Bxb4 cxb4 26. gxf4 Bc7 27.
f5 Bd6 28. Bf1 Kc7 29. Kg2 Kb6 30. Kf3 Bxh2 31. Ke3 Kc5 32. Bg2 g5 33. Bf3 b6
34. Kd3 a6 35. Bd1 b5 36. cxb5 axb5 37. Ke3 bxa4 38. bxa4 Bc7 39. Bb3 h5 40.
Kd3 h4 41. Bd1 Kxd5 42. Bg4 Ke5 43. Kc4 Kf4 44. Bh3 Kg3 45. Bf1 h3 46. Bd3 Kg2
47. Kxb4 h2 48. Kc4 h1=Q 49. Be4+ Kh2 50. Bxh1 Kxh1 51. Kd3 g4 0-1

[Event "4NCL Division 4 South"]
[Site "Reading, ENG"]
[Date "2016.11.26"]
[Round "1.35"]
[White "Whiteside, Robert"]
[Black "Coleman, Frederick"]
[Result "1-0"]
[WhiteElo "1803"]
[BlackElo "1489"]
[PlyCount "59"]
[EventDate "2016.11.26"]
[WhiteTeam "MK Phoenix 2"]
[BlackTeam "Sussex Martlets 3"]

1. e4 e6 2. d4 d5 3. Be3 Nf6 4. e5 Nfd7 5. f4 c5 6. c3 Nc6 7. Nf3 Be7 8. Bd3 g6
9. O-O a5 10. Kh1 Rb8 11. a4 cxd4 12. Nxd4 Nc5 13. Bc2 b6 14. Nxc6 Qc7 15. Nxb8
Qxb8 16. Nd2 Ba6 17. Rf3 Kf8 18. b4 axb4 19. cxb4 Nd7 20. Rb1 b5 21. a5 Kg7 22.
Bd4 Rc8 23. Rc3 Rxc3 24. Bxc3 Qc8 25. Bd4 Qf8 26. Bc3 Qc8 27. Rb3 Nb8 28. Nf3
Nc6 29. Nd4 Nxd4 30. Qxd4 1-0

[Event "4NCL Division 4 South"]
[Site "Reading, ENG"]
[Date "2016.11.26"]
[Round "1.36"]
[White "Finn, Daniel"]
[Black "Miller, Max C"]
[Result "1-0"]
[WhiteElo "1441"]
[BlackElo "1478"]
[PlyCount "143"]
[EventDate "2016.11.26"]
[WhiteTeam "Sussex Martlets 3"]
[BlackTeam "MK Phoenix 2"]

1. d4 d5 2. c4 e6 3. Nc3 c5 4. e3 Nf6 5. Nf3 Nc6 6. Be2 cxd4 7. Nxd4 e5 8. Nb3
d4 9. exd4 Nxd4 10. O-O Nxe2+ 11. Qxe2 Bd6 12. Bg5 O-O 13. Nd5 Be6 14. Nxf6+
gxf6 15. Bh6 Re8 16. Qe3 Kh8 17. Rac1 Rc8 18. c5 Bf8 19. Rc3 Bxh6 20. Qxh6 Rg8
21. Rfc1 Rg6 22. Qe3 Qd5 23. f3 Bh3 24. R3c2 Rcg8 25. g3 f5 26. Rd2 Qe6 27. f4
exf4 28. Qxf4 Qe4 29. Qxe4 fxe4 30. Re1 f5 31. Rf2 Rf8 32. Rxe4 Rd8 33. Re1 h5
34. Rf4 b6 35. cxb6 axb6 36. Nd4 Rf6 37. a3 Rc8 38. Rh4 Bg4 39. h3 Rh6 40. hxg4
fxg4 41. Rh2 Rd8 42. Rd1 Kg8 43. Rhd2 Rhd6 44. Nb3 Rxd2 45. Rxd2 Rxd2 46. Nxd2
Kf7 47. Kf2 Ke6 48. Ke3 Kd5 49. Ne4 Kc4 50. Kd2 Kd4 51. Nf6 h4 52. gxh4 g3 53.
Ke2 Ke5 54. Nd7+ Kf4 55. h5 Kg5 56. Kf3 Kxh5 57. Nxb6 Kh4 58. Kg2 Kg4 59. b4
Kf5 60. Kxg3 Ke6 61. a4 Kd6 62. a5 Kc7 63. Kf4 Kb7 64. b5 Kb8 65. Ke5 Kb7 66.
Kd6 Ka7 67. Kc6 Kb8 68. Na4 Ka7 69. Kc7 Ka8 70. a6 Ka7 71. b6+ Ka8 72. b7+ 1-0

[Event "4NCL Division 4 South"]
[Site "Reading, ENG"]
[Date "2016.11.26"]
[Round "1.41"]
[White "Balouka Myers, Reuben"]
[Black "Headlong, Timothy"]
[Result "0-1"]
[WhiteElo "1712"]
[BlackElo "2035"]
[PlyCount "47"]
[EventDate "2016.11.26"]
[WhiteTeam "Barnet Knights 2"]
[BlackTeam "Brown Jack 2"]

1. Nf3 d5 2. g3 c5 3. Bg2 Nc6 4. d4 e6 5. O-O Nf6 6. c3 Be7 7. Bf4 O-O 8. Ne5
Qb6 9. Nxc6 bxc6 10. b3 a5 11. Be5 Nd7 12. dxc5 Bxc5 13. Bd4 Ba6 14. Re1 Rfd8
15. Bxc5 Qxc5 16. Qd4 Rab8 17. Nd2 Qa3 18. c4 Nf6 19. Qc3 h6 20. e4 d4 21. Qc2
e5 22. f4 Ng4 23. fxe5 d3 24. Qc3 0-1

[Event "4NCL Division 4 South"]
[Site "Reading, ENG"]
[Date "2016.11.26"]
[Round "1.42"]
[White "Bourne, Johnathan D"]
[Black "Willmoth, Harrison"]
[Result "1/2-1/2"]
[WhiteElo "1960"]
[BlackElo "1697"]
[PlyCount "37"]
[EventDate "2016.11.26"]
[WhiteTeam "Brown Jack 2"]
[BlackTeam "Barnet Knights 2"]

1. e4 d6 2. d4 Nf6 3. Nc3 c6 4. a4 Qc7 5. h3 e5 6. Nf3 Nbd7 7. Bc4 Be7 8. O-O
b6 9. Re1 Bb7 10. b3 O-O 11. Bb2 a6 12. Bf1 b5 13. axb5 axb5 14. dxe5 dxe5 15.
Qe2 Bd6 16. Red1 Rfe8 17. Qe1 Bf8 18. Rxa8 Bxa8 19. Ra1 1/2-1/2

[Event "4NCL Division 4 South"]
[Site "Reading, ENG"]
[Date "2016.11.26"]
[Round "1.43"]
[White "Leslie, Alex"]
[Black "Parker, Francis"]
[Result "0-1"]
[WhiteElo "1622"]
[BlackElo "1903"]
[PlyCount "114"]
[EventDate "2016.11.26"]
[WhiteTeam "Barnet Knights 2"]
[BlackTeam "Brown Jack 2"]

1. d4 d5 2. c4 c6 3. Nc3 e6 4. Bf4 dxc4 5. a4 Bb4 6. e3 b5 7. axb5 cxb5 8. Qf3
Qd5 9. Qg3 Nf6 10. Bxb8 Ne4 11. Qxg7 Rf8 12. Nge2 Rxb8 13. f3 Nd6 14. Nf4 Qb7
15. e4 f6 16. Qxb7 Rxb7 17. Be2 e5 18. Nfd5 Bxc3+ 19. bxc3 exd4 20. cxd4 Be6
21. Nb4 Kd7 22. d5 Bf7 23. Kd2 Ra8 24. Nc6 f5 25. Ne5+ Ke7 26. Nxf7 Nxf7 27.
Ra6 Rb6 28. Rha1 Rxa6 29. Rxa6 Nd6 30. e5 Nb7 31. Rc6 Rd8 32. d6+ Ke6 33. f4
Kd5 34. Rc7 Nc5 35. Rxa7 b4 36. Bf3+ Kd4 37. Kc1 b3 38. Ra5 c3 39. Rb5 Nd3+ 40.
Kd1 c2+ 41. Ke2 c1=Q 42. Rd5+ Kc4 43. Rxd3 Qc2+ 44. Rd2 Kc3 45. Rxc2+ bxc2 46.
Bc6 c1=Q 47. d7 Qxf4 48. g4 fxg4 49. e6 Qc4+ 50. Kf2 Qxc6 51. e7 Qc5+ 52. Kg3
Qxe7 53. h3 Rxd7 54. hxg4 Rd3+ 55. Kf2 Qe3+ 56. Kf1 Rd2 57. g5 Qf2# 0-1

[Event "4NCL Division 4 South"]
[Site "Reading, ENG"]
[Date "2016.11.26"]
[Round "1.44"]
[White "Headlong, Benjamin"]
[Black "Hung, Dylan"]
[Result "1-0"]
[WhiteElo "1735"]
[BlackElo "1600"]
[PlyCount "67"]
[EventDate "2016.11.26"]
[WhiteTeam "Brown Jack 2"]
[BlackTeam "Barnet Knights 2"]

1. e4 c6 2. Ne2 d5 3. e5 Bf5 4. Ng3 Bg6 5. h4 h6 6. h5 Bh7 7. e6 fxe6 8. d4 Nd7
9. f4 Qc7 10. Bd3 Bxd3 11. Qxd3 O-O-O 12. Be3 Ngf6 13. Qg6 Kb8 14. O-O Rc8 15.
Nd2 Qd8 16. Nf3 Qe8 17. Ne5 Nxe5 18. fxe5 Qxg6 19. hxg6 Nd7 20. Nh5 c5 21. c3
c4 22. Rac1 Nb6 23. Rc2 Nd7 24. Rf7 Rg8 25. Rcf2 a6 26. Bf4 Ka8 27. Bg3 b5 28.
Bh4 Re8 29. Nf4 Kb7 30. Nxe6 Kc8 31. Nxf8 Nxf8 32. Bxe7 Nxg6 33. Bd6 Nh8 34.
Rc7+ 1-0

[Event "4NCL Division 4 South"]
[Site "Reading, ENG"]
[Date "2016.11.26"]
[Round "1.45"]
[White "Balouka-Myers, Toby"]
[Black "O`Byrne, Daniel"]
[Result "0-1"]
[WhiteElo "1517"]
[BlackElo "1802"]
[PlyCount "45"]
[EventDate "2016.11.26"]
[WhiteTeam "Barnet Knights 2"]
[BlackTeam "Brown Jack 2"]

1. c4 Nf6 2. g3 d5 3. Bg2 c6 4. Nf3 Nbd7 5. O-O dxc4 6. Qc2 Nb6 7. e4 g6 8. Na3
Qd3 9. Ne5 Qxc2 10. Nxc2 Bg7 11. Na3 Be6 12. f4 Ng4 13. d4 cxd3 14. Nxd3 Bd4+
15. Kh1 Ne3 16. Bxe3 Bxe3 17. f5 Bc4 18. Rfd1 O-O 19. Nxc4 Nxc4 20. b3 Nd6 21.
Ne5 f6 22. Rxd6 exd6 23. Nf7 {Scoresheets unclear, unable to continue} 0-1

[Event "4NCL Division 4 South"]
[Site "Reading, ENG"]
[Date "2016.11.26"]
[Round "1.46"]
[White "Onslow, Teddy"]
[Black "Balouka-Myers, Raphael"]
[Result "1-0"]
[WhiteElo "1697"]
[BlackElo "1465"]
[PlyCount "27"]
[EventDate "2016.11.26"]
[WhiteTeam "Brown Jack 2"]
[BlackTeam "Barnet Knights 2"]

1. d4 Nf6 2. Bf4 g6 3. Nc3 d6 4. Qd2 Bg7 5. Nf3 O-O 6. h4 h5 7. e4 Nbd7 8.
O-O-O Re8 9. Bc4 Nb6 10. Bb3 e6 11. Bg5 e5 12. Qe2 Nbd7 13. Bxf6 Nxf6 14. Rhe1
{Scoresheets unreadable, unable to continue} 1-0

[Event "4NCL Division 4 South"]
[Site "Reading, ENG"]
[Date "2016.11.26"]
[Round "1.51"]
[White "Purdon, Colin"]
[Black "Ogunshola, Ben"]
[Result "1/2-1/2"]
[WhiteElo "2065"]
[BlackElo "2152"]
[PlyCount "38"]
[EventDate "2016.11.26"]
[WhiteTeam "CSC Rhinos (2)"]
[BlackTeam "The Pitstop"]

1. d4 Nf6 2. c4 c5 3. d5 b5 4. Nf3 d6 5. cxb5 a6 6. b6 a5 7. e4 Nbd7 8. Nc3 g6
9. Bb5 Bg7 10. e5 dxe5 11. Nxe5 Qxb6 12. Nc4 Qb8 13. O-O O-O 14. Re1 Nb6 15.
Ne5 Nbxd5 16. Nxd5 Qxb5 17. Nc7 Qb7 18. Nxa8 Be6 19. Be3 Rxa8 1/2-1/2

[Event "4NCL Division 4 South"]
[Site "Reading, ENG"]
[Date "2016.11.26"]
[Round "1.52"]
[White "Fernando, Manel"]
[Black "Vlcek, Marek"]
[Result "1/2-1/2"]
[WhiteElo "1617"]
[BlackElo "2043"]
[PlyCount "84"]
[EventDate "2016.11.26"]
[WhiteTeam "The Pitstop"]
[BlackTeam "CSC Rhinos (2)"]

1. d4 Nf6 2. Nf3 e6 3. Bf4 b6 4. Nbd2 Bb7 5. e3 Be7 6. Bd3 d5 7. Qe2 Nbd7 8.
O-O Ne4 9. c4 O-O 10. Rac1 c5 11. cxd5 exd5 12. Bb1 a5 13. Rfe1 Re8 14. Nxe4
dxe4 15. Ne5 Nf6 16. Red1 Ba6 17. Qc2 c4 18. b3 Ba3 19. bxc4 Bxc1 20. Rxc1 Rc8
21. Qb3 Re6 22. Bg5 h6 23. Bh4 g5 24. Bg3 h5 25. f3 h4 26. Bf2 b5 27. c5 a4 28.
Qd1 Bb7 29. a3 exf3 30. Nxf3 Ng4 31. Bf5 Nxf2 32. Kxf2 Bxf3 33. gxf3 Qf6 34.
Bxe6 fxe6 35. Qd3 g4 36. Qe4 g3+ 37. hxg3 hxg3+ 38. Kxg3 Rc7 39. Qa8+ Kf7 40.
Rh1 Qg6+ 41. Kf2 Qc2+ 42. Kg3 Qg6+ 1/2-1/2

[Event "4NCL Division 4 South"]
[Site "Reading, ENG"]
[Date "2016.11.26"]
[Round "1.53"]
[White "Amato, Giampiero"]
[Black "Sloan, Hamish"]
[Result "1-0"]
[WhiteElo "2003"]
[BlackElo "1534"]
[PlyCount "45"]
[EventDate "2016.11.26"]
[WhiteTeam "CSC Rhinos (2)"]
[BlackTeam "The Pitstop"]

1. e4 c5 2. Nf3 d6 3. d4 cxd4 4. Nxd4 Nf6 5. Nc3 a6 6. f4 Nc6 7. Be2 g6 8. Nxc6
bxc6 9. e5 Nd7 10. exd6 exd6 11. O-O d5 12. f5 Bg7 13. fxg6 hxg6 14. Nxd5 cxd5
15. Qxd5 Qb6+ 16. Kh1 Bb7 17. Qxf7+ Kd8 18. Qxg7 Bxg2+ 19. Kxg2 Qc6+ 20. Rf3
Rf8 21. Bg5+ Kc7 22. Rd1 Rad8 23. Bxd8+ 1-0